Estudio teórico /práctico del motor de inducción trifásico como convertidor monofásico /trifásico ante distintas condiciones de carga y capacitancia
Furkejuvvon:
| Váldodahkki: | |
|---|---|
| Eará dahkkit: | |
| Materiálatiipa: | Girji |
| Giella: | Spanish |
| Almmustuhtton: |
[San José], Costa Rica
2015
|
| Fáttát: | |
| Fáddágilkorat: |
Lasit fáddágilkoriid
Eai fáddágilkorat, Lasit vuosttaš fáddágilkora!
|
MARC
| LEADER | 00000nam a22000007a 4500 | ||
|---|---|---|---|
| 003 | 012412 | ||
| 005 | 20230912132059.0 | ||
| 008 | 160713b2015 cr a|||| |||| 00| ||spa d | ||
| 040 | |c cru CEDI | ||
| 090 | |a TFG 7570 | ||
| 100 | |9 1480 |a Martín Delgado, Xavier, 1991- | ||
| 245 | |a Estudio teórico /práctico del motor de inducción trifásico como convertidor monofásico /trifásico ante distintas condiciones de carga y capacitancia | ||
| 260 | |a [San José], Costa Rica |c 2015 | ||
| 300 | |a xv, 126 hojas: ilustraciones a color | ||
| 500 | |a Proyecto de graduación (bachillerato en ingeniería eléctrica)--Universidad de Costa Rica. Facultad de Ingeniería. Escuela de Ingeniería Eléctrica | ||
| 501 | |a Profesor Guía de IE-0499 Proyecto Eléctrico: Ing. Andrés Arguello Guillen | ||
| 650 | |x MOTORES ELECTRICOS DE INDUCCION |x CORRIENTE TRIFASICA |x CONVERTIDORES DE CORRIENTE ELECTRICA |x ENERGIA ELECTRICA |x MOTORES ELECTRICOS DE INDUCCION - SIMULACION POR COMPUTADORA - MODELOS MATEMATICOS |9 5219 | ||
| 700 | |9 1481 |a Argüello Guillén, Andrés, 1991- |d Director de Proyecto Eléctrico | ||
| 942 | |c CEDI | ||
| 999 | |c 16993 |d 16993 | ||
